000 00298nam a2200121Ia 4500
008 190216s9999||||xx |||||||||||||| ||und||
100 _aNarayanan Nss
245 0 _aEconomic Policy And State Interrention
260 _bOxford University Press
300 _a559
650 _aEconomics
942 _cBK
999 _c10744
_d10744